=LDR 00000nam 2200000 4500 =001 INLIS000000000050327 =005 20200313082851 =035 ##$$a 0010-0417000142 =007 ta =008 200313################g##########0#ind## =020 ##$$a 978-979-2409-51-2 =082 ##$$a 297.23 =084 ##$$a 297.23 ALJ w =100 #$$a Aljuziyyah, Al- allamah ibnu qayyim =245 1#$$a Wisata ke surga : $b Mengenal surga lebih dekat /$c Al-Allamah Ibnu Qayyim Al-Jauziyyah; Penerjemah, Amiruddin djalil; Editor, Muhammad dahri =250 ##$$a Cet. 6 =260 ##$$a Jakarta :$b Griya Ilmu,$c 2015 =300 ##$$a Xii, 201 hlm. ; $c 15,5 x 23 cm =650 #4$$a Surga =500 ##$$a Judul asli : Mukhtasar haadil arwaah ilaa bilaadil afraah =990 ##$$a 31700548 =990 ##$$a 31700547 =990 ##$$a 21900437 =990 ##$$a 21900437 =990 ##$$a 31700548 =990 ##$$a 31700547